LEADER 01278nam0-22003731i-450 001 990001776600403321 005 20190529131417.0 035 $a000177660 035 $aFED01000177660 035 $a(Aleph)000177660FED01 035 $a000177660 100 $a20021010d1994----km-y0itay50------ba 101 0 $aita 200 1 $aCharacterization of the oligopeptides of parmigiano-reggiano cheese soluble in 120 g trichloroacetic acid$f1$fFrancesco Addeo,Lina Chianese, Raffaele Sacchi, Salvatore Spagna Musso, Pasquale Ferranti, Antonio Malorni. 210 $aLondra$c...$d1994. 215 $ap. 365-374$d30 cm 300 $aEstr. da: Journal of dairy research, 61,1994. 610 0 $aFormaggio 610 0 $aParmigiano reggiano 676 $a637.3 702 1$aAddeo,$bFrancesco 702 1$aChianese,$bLina 702 1$aFerranti,$bPasquale 702 1$aMalorni,$bAntonio 702 1$aSacchi,$bRaffaele$f<1962- > 702 1$aSpagna Musso,$bSalvatore 801 0$aIT$bUNINA$gRICA$2UNIMARC 901 $aLG 912 $a990001776600403321 952 $a60 OP. 154/12$fFAGBC 959 $aFAGBC 996 $aCHARACTERIZATION of the oligopeptides of parmigiano-reggiano cheese soluble in 120 g trichloroacetic acid$9408936 997 $aUNINA DB $aING01 LEADER 01683nam 2200493 a 450 001 9910699506303321 005 20230902162114.0 035 $a(CKB)5470000002403868 035 $a(OCoLC)679688941 035 $a(EXLCZ)995470000002403868 100 $a20101108d2010 ua 0 101 0 $aeng 135 $aurmn||||||||| 181 $ctxt$2rdacontent 182 $cc$2rdamedia 183 $acr$2rdacarrier 200 10$aApproximate pressure distribution in an accelerating launch-vehicle fuel tank$b[electronic resource] /$fMichael P. Nemeth 210 1$aHampton, Va. :$cNational Aeronautics and Space Administration, Langley Research Center,$d[2010] 215 $a1 online resource (16 pages) $cillustrations 225 1 $aNASA/TM- ;$v2010-216681 300 $aTitle from title screen (viewed on Nov. 8, 2010). 300 $a"March 2010." 320 $aIncludes bibliographical references (page 8) 410 0$aNASA technical memorandum ;$v216681. 606 $aLiquid oxygen$2nasat 606 $aFuel tanks$2nasat 606 $aStructural design$2nasat 606 $aLaunch vehicles$2nasat 606 $aLiquid fuels$2nasat 606 $aPressure distribution$2nasat 615 7$aLiquid oxygen. 615 7$aFuel tanks. 615 7$aStructural design. 615 7$aLaunch vehicles. 615 7$aLiquid fuels. 615 7$aPressure distribution. 700 $aNemeth$b Michael P$01391721 712 02$aLangley Research Center. 801 0$bGPO 801 1$bGPO 906 $aBOOK 912 $a9910699506303321 996 $aApproximate pressure distribution in an accelerating launch-vehicle fuel tank$93511793 997 $aUNINA